[Event "CZE-ch U10 Girls"]
[Site "Zlate Hory"]
[Date "2006.03.16"]
[Round "7"]
[White "Komaskova, Marta"]
[Black "Simurdova, Jana"]
[Result "0-1"]
[WhiteElo "1100"]
[BlackElo "1250"]
[PlyCount "60"]
[EventDate "2006.03.11"]
[EventType "swiss"]
[EventRounds "9"]
[EventCountry "CZE"]
[SourceTitle "EXT 2008"]
[Source "ChessBase"]
[SourceDate "2007.11.25"]
[SourceVersion "1"]
[SourceVersionDate "2007.11.25"]
[SourceQuality "1"]

1. e4 c5 2. Nf3 d6 3. Bc4 e6 4. d3 Be7 5. Nc3 Nf6 6. 0-0 0-0 7. Bg5 b6 8. a3 Bb7 9. Re1 d5 10. Bb5 a6 11. Ba4 d4 12. Na2 b5 13. Bb3 Nbd7 14. c3 e5 15. Bc2 Ne8 16. Qd2 h6 17. Bxe7 Qxe7 18. cxd4 exd4 19. b4 cxb4 20. axb4 Qf6 21. Bd1 Rc8 22. Rc1 Rxc1 23. Qxc1 Qe6 24. Re2 Qb6 25. Qf4 Nef6 26. Rc2 Rc8 27. Rxc8+ Bxc8 28. Nc1 Nf8 29. Nb3 Ng6 30. Nfxd4 Nxf4 0-1

[Event "CZE-ch U10 Girls"]
[Site "Zlate Hory"]
[Date "2006.03.15"]
[Round "9"]
[White "Stranska, Kamila"]
[Black "Komaskova, Marta"]
[Result "1-0"]
[WhiteElo "1250"]
[BlackElo "1100"]
[PlyCount "87"]
[EventDate "2006.03.11"]
[EventType "swiss"]
[EventRounds "9"]
[EventCountry "CZE"]
[SourceTitle "EXT 2008"]
[Source "ChessBase"]
[SourceDate "2007.11.25"]
[SourceVersion "1"]
[SourceVersionDate "2007.11.25"]
[SourceQuality "1"]

1. e4 e5 2. Nf3 Nc6 3. d4 exd4 4. Nxd4 Nxd4 5. Qxd4 Nf6 6. Nc3 Bb4 7. Qxb4 d6 8. Bg5 Be6 9. Bc4 Qd7 10. Bxf6 gxf6 11. 0-0-0 0-0-0 12. Qb3 Qc6 13. Bxe6+ fxe6 14. Qxe6+ Kb8 15. Qd5 Qb6 16. f3 Rdg8 17. g4 Qe3+ 18. Kb1 Qxf3 19. Qd4 Rf8 20. Nb5 b6 21. Qc3 Qxc3 22. Nxc3 Rfg8 23. h3 h6 24. Nd5 Rf8 25. h4 c6 26. Ne3 Rhg8 27. Rhg1 Rg7 28. Nf5 Rg6 29. h5 Rg5 30. Nxh6 Rh8 31. Nf7 Rhg8 32. Nxg5 Rxg5 33. Rxd6 Re5 34. Rxf6 Rxe4 35. Rd1 Rxg4 36. h6 Rg8 37. Rf7 b5 38. h7 Rh8 39. Rg7 Re8 40. Rg8 Rc8 41. h8Q Rxg8 42. Qxg8+ Kb7 43. Qf7+ Ka8 44. Rd8# 1-0

[Event "CZE-ch U10 Girls"]
[Site "Zlate Hory"]
[Date "2006.03.13"]
[Round "3"]
[White "Mackova, Veronika"]
[Black "Komaskova, Marta"]
[Result "1-0"]
[WhiteElo "1100"]
[BlackElo "1100"]
[PlyCount "25"]
[EventDate "2006.03.11"]
[EventType "swiss"]
[EventRounds "9"]
[EventCountry "CZE"]
[SourceTitle "EXT 2008"]
[Source "ChessBase"]
[SourceDate "2007.11.25"]
[SourceVersion "1"]
[SourceVersionDate "2007.11.25"]
[SourceQuality "1"]

1. e4 e5 2. Nf3 Nc6 3. Bc4 Bc5 4. c3 Nf6 5. d4 Bb6 6. dxe5 Nxe4 7. 0-0 0-0 8. Nbd2 Nxd2 9. Bxd2 Re8 10. Re1 d6 11. exd6 cxd6 12. Re2 Qf6 13. Rxe8# 1-0